| 000 | 01035cam a2200289 a 4500 | ||
|---|---|---|---|
| 003 | CO-ViMGA | ||
| 005 | 20230915233132.0 | ||
| 008 | 060516s2005 ck a 000 0dspa | ||
| 020 | _a9588160952 | ||
| 040 |
_aCO-ViMGA _bspa _cCO-ViMGA |
||
| 043 | _as-cl--- | ||
| 090 | _aP HERP1 | ||
| 100 | 1 | 0 |
_aHerralde, Jorge _920559 |
| 245 | 1 | 0 |
_aPara Roberto Bolaño _cJorge Herralde |
| 250 | _a1. edicin̤ | ||
| 260 |
_aBogot _bVillegas Editores _c2005 |
||
| 300 |
_a110 pg̀inas _c21 cm. |
||
| 490 | _aColeccin̤ dorada. Interes general | ||
| 490 | _aVillegas testimonio | ||
| 600 | 1 | 4 |
_aBolaño, Roberto, _d1953-2003 _xCritica e interpretacion _921485 |
| 600 | 1 | 4 |
_aBolaño, Roberto _d1953-2003 _xColecciones de escritos _921487 |
| 600 | 1 | 4 |
_aBolaño, Roberto _d1953-2003 _xCorrespondencia, Memorias, Etc. _921486 |
| 650 | 1 | 4 |
_2LEMB _a Poesia chilena _xHistoria y critica _921489 |
| 650 | 1 | 4 |
_2LEMB _aLiteratura Chilena _xHistoria y critica _921488 |
| 700 | 1 | 0 |
_a Villegas Jimňez, Benjamn̕ _d1948- _eeditor _920872 |
| 942 |
_2ddc _cBK |
||
| 999 |
_c35530 _d35530 |
||